| 000 | 00592nam a2200241 a 4500 | ||
|---|---|---|---|
| 001 | nice12345678 | ||
| 003 | IN_TiNIC | ||
| 005 | 20260116011453.0 | ||
| 008 | 050524s1942 laha grp 000 0 eng | ||
| 020 |
_a _c0 |
||
| 082 | 0 | 0 |
_a955.03 _bSID |
| 100 | _aSiddiqi, Amir Hasan | ||
| 245 | _aCaliphate and Kingship in Medieval Persia | ||
| 260 |
_aLahore _bSh. Muhammad Ashraf _c1942 |
||
| 300 | _a184p | ||
| 500 | _aincludes index and biblioraphy | ||
| 505 | 2 | _aIndex | |
| 650 | _aIran-History | ||
| 700 | 1 | _aSiddiqi, Amir Hasan | |
| 902 | _bSRS | ||
| 942 | _cBK | ||
| 999 |
_c1836 _d1836 |
||